Armstrong's Handbook of Performance Management by Armstrong, Michael (Record no. 41510)
[ view plain ]
| 000 -LEADER | |
|---|---|
| fixed length control field | 00469nam a22001817a 4500 |
| 003 - CONTROL NUMBER IDENTIFIER | |
| control field | 33557 |
| 005 - DATE AND TIME OF LATEST TRANSACTION | |
| control field | 20250223161152.0 |
| 008 - FIXED-LENGTH DATA ELEMENTS--GENERAL INFORMATION | |
| fixed length control field | 240721b |||||||| |||| 00| 0 eng d |
| 028 ## - PUBLISHER OR DISTRIBUTOR NUMBER | |
| Source | Kogan Page |
| 040 ## - CATALOGING SOURCE | |
| Transcribing agency | DDC |
| 050 ## - LIBRARY OF CONGRESS CALL NUMBER | |
| Classification number | 658.312 ARM |
| 082 ## - DEWEY DECIMAL CLASSIFICATION NUMBER | |
| Edition number | 4th |
| 245 ## - TITLE STATEMENT | |
| Title | Armstrong's Handbook of Performance Management by Armstrong, Michael |
| 260 ## - PUBLICATION, DISTRIBUTION, ETC. | |
| Place of publication, distribution, etc. | New Delhi |
| Name of publisher, distributor, etc. | Kogan Page |
| Date of publication, distribution, etc. | 2010 |
| 300 ## - PHYSICAL DESCRIPTION | |
| Size of unit | 22 CM |
| 700 ## - ADDED ENTRY--PERSONAL NAME | |
| Dates associated with a name | Armstrong |
| 942 ## - ADDED ENTRY ELEMENTS (KOHA) | |
| Source of classification or shelving scheme | Dewey Decimal Classification |
| Koha item type | Books |
| Edition | 4th |
| Classification part | ddc |
| Suppress in OPAC | No |
| Withdrawn status | Lost status | Source of classification or shelving scheme | Damaged status | Not for loan | Home library | Current library | Shelving location | Date acquired | Cost, normal purchase price | Total Checkouts | Full call number | Barcode | Date due | Date last seen | Date last checked out | Copy number | Cost, replacement price | Price effective from | Koha item type |
|---|---|---|---|---|---|---|---|---|---|---|---|---|---|---|---|---|---|---|---|
| Dewey Decimal Classification | IMTN | IMTN | Rack 27-A | 07/21/2024 | 6537.00 | 2 | 658.3125 ARM | 33557 | 02/25/2025 | 08/25/2024 | 08/25/2024 | 1 | 4379.92 | 07/21/2024 | Books |